Komparácia vybraných ukazovateľov komodity zemiaky s krajinami východnej a strednej Európy a EÚ
Porovnanie vybraných ukazovateľov komodity zemiaky s krajinami SVE a EÚ. Ekonomika výroby zemiakov na Slovensku - pokles pestovateľských plôch, nízke hektárové úrody, kolísanie cien zemiakov. Nedostatok zemiakov z domácej produkcie je riešený dovozom, čím sa prehlbuje pasívne saldo v zahraničnom obc...
Salvato in:
| Autore principale: | |
|---|---|
| Altri autori: | |
| Natura: | Capitolo di libro |
| Lingua: | slovacco |
| Soggetti: | |
| Tags: |
Nessun Tag, puoi essere il primo ad aggiungerne!!
|
MARC
| LEADER | 00000naa$a2200000$$$4500 | ||
|---|---|---|---|
| 001 | 0021243 | ||
| 005 | 20231012081854.8 | ||
| 041 | 0 | |a slo | |
| 044 | |a SK | ||
| 245 | 1 | 0 | |a Komparácia vybraných ukazovateľov komodity zemiaky s krajinami východnej a strednej Európy a EÚ |c Ľudmila Nagyová, Dušan Dobák |
| 520 | |a Porovnanie vybraných ukazovateľov komodity zemiaky s krajinami SVE a EÚ. Ekonomika výroby zemiakov na Slovensku - pokles pestovateľských plôch, nízke hektárové úrody, kolísanie cien zemiakov. Nedostatok zemiakov z domácej produkcie je riešený dovozom, čím sa prehlbuje pasívne saldo v zahraničnom obchode s touto komoditou. Podiel dotácií na krytí nákladov a na tržbách bez dotácií je vysoký. Zemiaky dopestované na Slovensku nie sú konkurencieschopné v porovnaní s krajinami strednej Európy a EÚ. | ||
| 610 | 2 | 0 | |a zemiaky |
| 610 | 2 | 0 | |a porovnanie medzinárodné |
| 610 | 2 | 0 | |a pôda poľnohospodárska |
| 610 | 2 | 0 | |a ceny |
| 610 | 2 | 0 | |a dotácie |
| 610 | 2 | 0 | |a rentabilita výroby |
| 610 | 2 | 0 | |a dovoz |
| 610 | 2 | 0 | |a konkurencieschopnosť |
| 610 | 2 | 0 | |a Slovensko |
| 610 | 2 | 0 | |a SVE |
| 610 | 2 | 0 | |a Európska únia |
| 100 | 1 | |a Nagyová, Ľudmila | |
| 700 | 1 | |a Dobák, Dušan | |